00995cam a22002897a 4500003000500000005001700005008004100022010001000063011001000073020001500083035001000098040000900108082001500117100003900132245012800171260008900299300001100388410006200399490004300461650001700504650001400521650002600535650000900561700003000570810006200600830004300662CHAP20220817043808.0010917s1996 mx r 00010 spa d a84641 a85613 a9688843946 a96148 cCHAP04a371.3bP4200aPérez Samaniego, Ma. del Carmen.13aLa función docente en la Universidad Autónoma Chapingoc/por Ma. del Carmen Pérez Samaniego y Angela Soto Domínguez aChapingo, Méx. :bUACH. Unidad de Planeación, Organización y Métodos,c1996. a221 p.00aUACH.bUnidad de Planeación, Organización y Métodos 0aSerie diagnóstico institucionalv; 414aEnseñanza.14aMaestros.14aPolítica educativa.14aUACH0 aSoto Domínguez, Angela.00aUACH.bUnidad de Planeación, Organización y Métodos00aSerie diagnóstico institucionalv; 4